[Event "Bratto op-B 34th"]
[Site "Bratto"]
[Date "2014.08.30"]
[Round "8"]
[White "Bettini, Alessandro"]
[Black "Listello, Massimiliano"]
[Result "1/2-1/2"]
[WhiteElo "1829"]
[BlackElo "1787"]
[PlyCount "132"]
[EventDate "2014.08.23"]
[EventType "swiss"]
[EventRounds "8"]
[EventCountry "ITA"]
[SourceTitle "EXT 2017"]
[Source "ChessBase"]
[SourceDate "2016.10.25"]
[SourceVersion "1"]
[SourceVersionDate "2016.10.25"]
[SourceQuality "1"]

1. d4 e6 2. Nf3 f5 3. Bg5 Nf6 4. e3 Be7 5. Be2 0-0 6. 0-0 d6 7. c4 Ne4 8. Bxe7 Qxe7 9. Nc3 Nxc3 10. bxc3 c6 11. Ne1 e5 12. f4 exf4 13. exf4 Qe3+ 14. Rf2 Qxc3 15. Rf3 Qa5 16. Qb3 Qb6 17. Qd1 Re8 18. Rb1 Qc7 19. d5 c5 20. Bd3 Na6 21. a3 Qf7 22. Rh3 Nc7 23. Nf3 Qf6 24. Qc2 Re4 25. Qd2 h6 26. Rg3 Re7 27. Kf2 Kh8 28. Rh3 Kg8 29. Rg3 b6 30. Qc2 b5 31. cxb5 Nxd5 32. Bc4 Be6 33. Bxd5 Bxd5 34. Qb2 Qxb2+ 35. Rxb2 Bxf3 36. Rxf3 Kf7 37. Rd2 Rd7 38. Rfd3 Rad8 39. Rd5 Ke6 40. a4 a6 41. bxa6 Ra8 42. R5d3 Rxa6 43. Re3+ Kf7 44. Ra3 d5 45. Rc3 Rxa4 46. Rxc5 Rxf4+ 47. Kg3 Rg4+ 48. Kf3 Ke6 49. Rc6+ Ke5 50. Rc8 Re4 51. Re8+ Kd6 52. Rf8 g6 53. Rh8 h5 54. Rg8 Re6 55. Kf4 Re4+ 56. Kg5 Rg4+ 57. Kh6 d4 58. Rxg6+ Ke5 59. Kxh5 Rh7+ 60. Rh6 Rxh6+ 61. Kxh6 Rh4+ 62. Kg5 Rxh2 63. Re2+ Kd5 64. Kxf5 d3 65. Ra2 Kd4 66. Kf4 Rh8 1/2-1/2

[Event "Bratto op-B 34th"]
[Site "Bratto"]
[Date "2014.08.28"]
[Round "6"]
[White "Listello, Massimiliano"]
[Black "Milanesi, Erminio"]
[Result "1-0"]
[WhiteElo "1787"]
[BlackElo "1794"]
[PlyCount "49"]
[EventDate "2014.08.23"]
[EventType "swiss"]
[EventRounds "8"]
[EventCountry "ITA"]
[SourceTitle "EXT 2017"]
[Source "ChessBase"]
[SourceDate "2016.10.25"]
[SourceVersion "1"]
[SourceVersionDate "2016.10.25"]
[SourceQuality "1"]

1. e4 g6 2. d4 f6 3. h4 d5 4. Bd3 dxe4 5. Bxe4 f5 6. Bf3 h5 7. Bg5 Bh6 8. Qd2 Qd6 9. Ne2 c6 10. c4 Bxg5 11. Qxg5 Qf6 12. Nbc3 e6 13. Nf4 Qxg5 14. hxg5 Ne7 15. g4 h4 16. 0-0-0 Kf7 17. Rde1 Na6 18. d5 exd5 19. Rxe7+ Kxe7 20. Nxg6+ Kd6 21. Nxh8 fxg4 22. Be2 h3 23. cxd5 cxd5 24. Nf7+ Kc5 25. Nh6 1-0

[Event "Bratto op-B 33rd"]
[Site "Bratto"]
[Date "2013.08.19"]
[Round "2"]
[White "Macario, Marco"]
[Black "Listello, Massimiliano"]
[Result "1-0"]
[WhiteElo "1848"]
[BlackElo "1767"]
[PlyCount "61"]
[EventDate "2013.08.18"]
[EventType "swiss"]
[EventRounds "8"]
[EventCountry "ITA"]
[SourceTitle "EXT 2015"]
[Source "ChessBase"]
[SourceDate "2014.11.20"]
[SourceVersion "1"]
[SourceVersionDate "2014.11.20"]
[SourceQuality "1"]

1. e4 e6 2. d4 d5 3. Nd2 dxe4 4. Nxe4 Nf6 5. Nxf6+ gxf6 6. Nf3 Bg7 7. Bf4 Nd7 8. Bc4 0-0 9. Qd2 c5 10. Bd6 Qb6 11. Bxf8 Qxb2 12. 0-0 Bxf8 13. Rab1 Qa3 14. Qf4 Qc3 15. dxc5 Nxc5 16. Rfd1 Bd7 17. Bd3 Nxd3 18. Rxd3 Qxc2 19. Rbd1 Bb5 20. Nd4 Qxd3 21. Rxd3 Bxd3 22. Qg3+ Bg6 23. Qc7 a6 24. g4 Be4 25. h4 Re8 26. Qf4 Bg6 27. h5 e5 28. Qe3 Bc5 29. hxg6 fxg6 30. Qb3+ Kf8 31. Ne6+ 1-0

[Event "Quarantennale op-B"]
[Site "Cirie"]
[Date "2013.05.01"]
[Round "6"]
[White "Villa, Alessandro"]
[Black "Listello, Massimiliano"]
[Result "1-0"]
[WhiteElo "1671"]
[BlackElo "1777"]
[PlyCount "239"]
[EventDate "2013.04.27"]
[EventType "swiss"]
[EventRounds "6"]
[EventCountry "ITA"]
[SourceTitle "EXT 2024"]
[Source "ChessBase"]
[SourceDate "2023.10.10"]
[SourceVersion "1"]
[SourceVersionDate "2023.10.10"]
[SourceQuality "1"]

1. e4 e6 2. d4 d5 3. e5 c5 4. c3 Qb6 5. Nf3 Nc6 6. a3 c4 7. Nbd2 f6 8. exf6 Nxf6 9. b4 Be7 10. g3 0-0 11. Bg2 a5 12. Bb2 Bd7 13. 0-0 Be8 14. Re1 Bf7 15. Ng5 Nd8 16. Nxf7 Kxf7 17. Nf3 Nd7 18. Bh3 Kg8 19. Qe2 Rf6 20. Ng5 Nf8 21. Nf3 Nf7 22. Bg2 Bd6 23. Qd2 Ng6 24. Re2 axb4 25. axb4 Rxa1+ 26. Bxa1 Qc7 27. Bb2 h6 28. Bc1 Nd8 29. Qd1 Qd7 30. h4 Rf8 31. h5 Ne7 32. Nh4 Qc7 33. Qe1 Rf6 34. Bh3 Nf5 35. Bxf5 exf5 36. Re8+ Bf8 37. Qe5 Qd7 38. Qe1 Ne6 39. Ra8 f4 40. Kg2 Ng5 41. Bxf4 Rxf4 42. gxf4 Qg4+ 43. Kf1 Qh3+ 44. Kg1 Qg4+ 45. Kf1 Ne4 46. Ng2 Qf3 47. Kg1 Nf6 48. Qe6+ Kh7 49. Rxf8 Qxh5 50. Rxf6 gxf6 51. Qe7+ Kg8 52. Qe8+ Kg7 53. Qe7+ Kg8 54. Qxb7 Qd1+ 55. Kh2 Qh5+ 56. Kg3 Qg6+ 57. Kf3 Qh5+ 58. Ke3 Qh3+ 59. f3 Qxg2 60. Qxd5+ Kg7 61. Qd7+ Kf8 62. Qc8+ Ke7 63. Qxc4 Qg1+ 64. Ke4 Qe1+ 65. Kd5 Qe6+ 66. Kc5 Qd6+ 67. Kb5 Qxf4 68. Qe2+ Kf7 69. Kc5 Qc7+ 70. Kd5 Qb7+ 71. Kc4 Qa6+ 72. b5 Qa4+ 73. Kc5 Qa3+ 74. Kc4 Qa4+ 75. Kd5 Qa8+ 76. Kc5 Qa3+ 77. Kc4 Qa4+ 78. Kd5 Qa8+ 79. Kd6 Qa3+ 80. Kd7 Qa7+ 81. Kc6 Qa8+ 82. Kb6 Qd8+ 83. Kc5 Qc7+ 84. Kb4 Qd6+ 85. Ka4 Qd5 86. Ka5 Qa8+ 87. Kb4 Qf8+ 88. Kb3 Qa8 89. c4 Qa1 90. Qe4 Qd1+ 91. Kb4 Qd2+ 92. Kc5 Qa2 93. Qd5+ Ke7 94. Kc6 Qa8+ 95. Kc5 Qa3+ 96. Kb6 h5 97. Qxh5 Qd6+ 98. Ka5 Qa3+ 99. Kb6 Qd6+ 100. Kb7 Qd7+ 101. Ka6 Qc8+ 102. Kb6 Qe6+ 103. Ka5 Qe1+ 104. Ka6 Qe6+ 105. Ka5 Qe1+ 106. Ka4 Qa1+ 107. Kb4 Qb2+ 108. Kc5 Qa3+ 109. Kd5 Qd6+ 110. Ke4 Qe6+ 111. Kd3 Qe1 112. Qh7+ Kf8 113. Qh6+ Kf7 114. Qe3 Qb1+ 115. Kc3 Qa1+ 116. Kb4 Qb2+ 117. Kc5 Qb1 118. Qe4 Qa2 119. Qd5+ Ke7 120. Kb6 1-0

[Event "Quarantennale op-B"]
[Site "Cirie"]
[Date "2013.04.29"]
[Round "4"]
[White "Pane, Gabriele"]
[Black "Listello, Massimiliano"]
[Result "1-0"]
[WhiteElo "1631"]
[BlackElo "1777"]
[PlyCount "85"]
[EventDate "2013.04.27"]
[EventType "swiss"]
[EventRounds "6"]
[EventCountry "ITA"]
[SourceTitle "EXT 2024"]
[Source "ChessBase"]
[SourceDate "2023.10.10"]
[SourceVersion "1"]
[SourceVersionDate "2023.10.10"]
[SourceQuality "1"]

1. d4 d5 2. c4 e5 3. dxe5 d4 4. Nf3 Nc6 5. g3 Nge7 6. Bg2 Ng6 7. Qb3 Be7 8. Na3 0-0 9. Nc2 Ngxe5 10. Nxe5 Nxe5 11. 0-0 Bf5 12. Rd1 c5 13. Ne1 Rb8 14. Bf4 Bd6 15. Nf3 f6 16. Nxd4 cxd4 17. c5+ Kh8 18. Rxd4 Bxc5 19. Rxd8 Rfxd8 20. Rd1 b6 21. Rd5 Re8 22. Qc3 Be6 23. Bxe5 fxe5 24. Rxe5 Bxa2 25. b4 Bf8 26. Qc7 Rbc8 27. Rxe8 Rxe8 28. e3 Re7 29. Qd8 Kg8 30. Bd5+ Bxd5 31. Qxd5+ Rf7 32. b5 g6 33. f4 Bc5 34. Kf2 Kg7 35. Kf3 h6 36. e4 Re7 37. g4 Rf7 38. f5 h5 39. Qe5+ Kh7 40. g5 Kg8 41. Qe8+ Bf8 42. f6 h4 43. e5 1-0

[Event "Ivrea op 15th"]
[Site "Ivrea"]
[Date "2011.04.01"]
[Round "1"]
[White "Listello, Massimiliano"]
[Black "Barosso, Renzo"]
[Result "1-0"]
[WhiteElo "1594"]
[BlackElo "1889"]
[PlyCount "53"]
[EventDate "2011.04.01"]
[EventType "swiss"]
[EventRounds "5"]
[EventCountry "ITA"]
[SourceTitle "EXT 2024"]
[Source "ChessBase"]
[SourceDate "2023.10.10"]
[SourceVersion "1"]
[SourceVersionDate "2023.10.10"]
[SourceQuality "1"]

1. e4 c6 2. d4 d5 3. Nc3 Nf6 4. e5 Ng8 5. f4 Bf5 6. h3 h6 7. g4 Bh7 8. Bd3 Bxd3 9. Qxd3 e6 10. Nf3 Nd7 11. f5 c5 12. fxe6 fxe6 13. Qg6+ Ke7 14. Bg5+ hxg5 15. Nxg5 Qe8 16. Qxe6+ Kd8 17. Nf7+ Qxf7 18. Qxf7 Ne7 19. Nxd5 Nxd5 20. Qxd5 Kc7 21. Qf7 Kc6 22. d5+ Kb6 23. Qxd7 g6 24. Qe6+ Kc7 25. Qxg6 Rd8 26. 0-0-0 Bh6+ 27. g5 1-0

[Event "Ivrea Autumn 21st"]
[Site "Ivrea"]
[Date "2010.12.02"]
[Round "9"]
[White "Razzano, Lorenzo"]
[Black "Listello, Massimiliano"]
[Result "1-0"]
[WhiteElo "1928"]
[BlackElo "1558"]
[PlyCount "87"]
[EventDate "2010.10.07"]
[EventType "swiss"]
[EventRounds "9"]
[EventCountry "ITA"]
[SourceTitle "EXT 2024"]
[Source "ChessBase"]
[SourceDate "2023.10.10"]
[SourceVersion "1"]
[SourceVersionDate "2023.10.10"]
[SourceQuality "1"]

1. e4 e6 2. Nf3 d5 3. Nc3 Nf6 4. e5 Nfd7 5. d4 c5 6. dxc5 Nxc5 7. Bf4 Nc6 8. Qd2 d4 9. Nb5 Ne4 10. Qd3 Bb4+ 11. Nd2 Nxd2 12. Bxd2 Bxd2+ 13. Qxd2 Nxe5 14. Qxd4 Qxd4 15. Nxd4 a6 16. 0-0-0 b5 17. Be2 Bb7 18. f3 0-0 19. Rhe1 Nc6 20. Nb3 Nb4 21. Na5 Bd5 22. a3 Nc6 23. Rxd5 Nxa5 24. Rd6 Rfc8 25. Red1 g6 26. c3 Kg7 27. Kc2 Nc4 28. Bxc4 Rxc4 29. Rb6 Rc5 30. Rdd6 a5 31. Rb7 h5 32. Rxe6 Rg5 33. g3 h4 34. g4 Rd5 35. Ree7 Rad8 36. Re2 Kf6 37. f4 R8d7 38. Rxd7 Rxd7 39. Re5 Rb7 40. g5+ Kg7 41. a4 b4 42. Rxa5 b3+ 43. Kd3 Rd7+ 44. Ke2 1-0

[Event "Ivrea Autumn 21st"]
[Site "Ivrea"]
[Date "2010.10.14"]
[Round "2"]
[White "Pitti, Gianluca"]
[Black "Listello, Massimiliano"]
[Result "0-1"]
[WhiteElo "1440"]
[BlackElo "1558"]
[PlyCount "92"]
[EventDate "2010.10.07"]
[EventType "swiss"]
[EventRounds "9"]
[EventCountry "ITA"]
[SourceTitle "EXT 2024"]
[Source "ChessBase"]
[SourceDate "2023.10.10"]
[SourceVersion "1"]
[SourceVersionDate "2023.10.10"]
[SourceQuality "1"]

1. e4 e6 2. d4 d5 3. exd5 exd5 4. Qe2+ Qe7 5. Qxe7+ Nxe7 6. Nf3 g6 7. Bg5 Bg7 8. Bxe7 Kxe7 9. Nc3 c6 10. Bd3 Bg4 11. Ne5 Bxe5 12. dxe5 Nd7 13. f4 Nc5 14. h3 Nxd3+ 15. cxd3 Bf5 16. d4 h5 17. 0-0 Be6 18. Rae1 Rhg8 19. Rf2 b6 20. Rfe2 g5 21. fxg5 Rxg5 22. a4 Bxh3 23. Kh2 Be6 24. b4 Rag8 25. b5 Rg3 26. Rf1 Rxc3 27. Rb2 c5 28. dxc5 Rxc5 29. Ra1 d4 30. a5 Rxe5 31. axb6 axb6 32. Ra6 Rb8 33. Rd2 Rxb5 34. Rxd4 Ra5 35. Rxa5 bxa5 36. g3 Rb4 37. Rd3 a4 38. Kg2 Rb3 39. Rd1 Rb2+ 40. Kf3 Bg4+ 41. Kf4 Bxd1 42. Kg5 a3 43. Kh6 a2 44. Kh7 a1Q 45. Kg8 Rb8+ 46. Kh7 Qh8# 0-1

[Event "Torino Province-ch"]
[Site "Torino"]
[Date "2010.03.09"]
[Round "5"]
[White "Listello, Massimiliano"]
[Black "Gatti, Franco"]
[Result "1/2-1/2"]
[WhiteElo "1488"]
[BlackElo "1586"]
[PlyCount "90"]
[EventDate "2010.02.09"]
[EventType "swiss"]
[EventRounds "7"]
[EventCountry "ITA"]
[SourceTitle "EXT 2024"]
[Source "ChessBase"]
[SourceDate "2023.10.10"]
[SourceVersion "1"]
[SourceVersionDate "2023.10.10"]
[SourceQuality "1"]

1. e4 e5 2. Nf3 Nc6 3. d4 exd4 4. Bc4 h6 5. Nxd4 Bc5 6. Nxc6 Qf6 7. 0-0 Qxc6 8. Qd5 Qxd5 9. exd5 Ne7 10. Nc3 0-0 11. Re1 Ng6 12. Be3 Bb4 13. a3 Bxc3 14. bxc3 d6 15. h3 Ne5 16. Be2 Bf5 17. Ra2 Rfe8 18. g4 Be4 19. c4 Nf3+ 20. Bxf3 Bxf3 21. Kh2 h5 22. Kg3 hxg4 23. hxg4 Be4 24. f3 Bg6 25. Kf2 f6 26. Rg1 Kf7 27. g5 fxg5 28. Rxg5 Rh8 29. Kg3 b6 30. c3 Rh7 31. Rg2 Rg8 32. a4 Bd3 33. Rg4 Bf5 34. Rf4 g6 35. Rh2 Rxh2 36. Kxh2 Re8 37. Bf2 Re2 38. Kg3 Ra2 39. Rh4 g5 40. Rh8 Rxa4 41. Ra8 Rxc4 42. Rxa7 Rxc3 43. Bxb6 g4 44. Rxc7+ Rxc7 45. Bxc7 gxf3 1/2-1/2

[Event "Torino Province-ch"]
[Site "Torino"]
[Date "2010.02.23"]
[Round "3"]
[White "Monno, Luigi"]
[Black "Listello, Massimiliano"]
[Result "0-1"]
[WhiteElo "1466"]
[BlackElo "1488"]
[PlyCount "80"]
[EventDate "2010.02.09"]
[EventType "swiss"]
[EventRounds "7"]
[EventCountry "ITA"]
[SourceTitle "EXT 2024"]
[Source "ChessBase"]
[SourceDate "2023.10.10"]
[SourceVersion "1"]
[SourceVersionDate "2023.10.10"]
[SourceQuality "1"]

1. d4 Nf6 2. Nc3 e6 3. a3 d5 4. Bf4 c5 5. Nb5 Qa5+ 6. Nc3 cxd4 7. Qxd4 Nc6 8. Qd3 d4 9. Bd2 dxc3 10. Bxc3 Qc7 11. Nf3 h6 12. e4 Be7 13. Be2 0-0 14. 0-0 Rd8 15. Qe3 Ng4 16. Qc1 Bg5 17. Qe1 Bf6 18. h3 Nge5 19. Bxe5 Nxe5 20. c3 b6 21. Bd1 Ba6 22. Be2 Nxf3+ 23. Bxf3 Rac8 24. Be2 Bxe2 25. Qxe2 Qc4 26. Qc2 Rd7 27. Rae1 Rcd8 28. e5 Be7 29. Re4 Qd3 30. Qxd3 Rxd3 31. Ree1 Rd2 32. Rb1 R8d5 33. f4 Bc5+ 34. Kh2 Re2 35. b4 Rdd2 36. h4 Rxg2+ 37. Kh3 Be7 38. h5 Rge2 39. Kg4 Rd3 40. Rbc1 Rg2# 0-1

[Event "Torino Province-ch"]
[Site "Torino"]
[Date "2010.02.09"]
[Round "1"]
[White "Di Chiara, Mauro"]
[Black "Listello, Massimiliano"]
[Result "1-0"]
[WhiteElo "1870"]
[BlackElo "1488"]
[PlyCount "53"]
[EventDate "2010.02.09"]
[EventType "swiss"]
[EventRounds "7"]
[EventCountry "ITA"]
[SourceTitle "EXT 2024"]
[Source "ChessBase"]
[SourceDate "2023.10.10"]
[SourceVersion "1"]
[SourceVersionDate "2023.10.10"]
[SourceQuality "1"]

1. d4 Nf6 2. Nf3 e6 3. c4 Bb4+ 4. Bd2 Bxd2+ 5. Qxd2 0-0 6. Nc3 b6 7. g3 Bb7 8. Bg2 d5 9. cxd5 Nxd5 10. Nxd5 Bxd5 11. 0-0 Nd7 12. Rfe1 c5 13. e4 Bb7 14. Rad1 cxd4 15. Nxd4 Nf6 16. Qf4 Qc8 17. Rc1 Qd7 18. Red1 Qa4 19. e5 Nd5 20. Qg4 Rac8 21. Rxc8 Rxc8 22. Be4 Re8 23. Nxe6 g6 24. Ng5 h6 25. Nxf7 Ne7 26. Nxh6+ Kg7 27. Bxb7 1-0